000 00304 a2200145 4500
001 177400
020 _a
040 _cMagnum
100 _aSypriano, Lilian
240 1 0 _aAlonca & juca brito
_lpor
245 1 0 _aAlonca & juca brito
362 0 _a1899
697 _aMAGNITO: IJ/ECOLOGIA
942 _cBK
999 _c177400
_d177400